00449 2200169 4500245005800000020002200058250001100080100002700091700002100118650002800139005001900167260003400186041001400220084001000234300002600244336000900270 aKenali dan Waspadai !!!cA. E. Yeremia LalisanghText a978-602-8691-26-0 aCet. 1 aA. E. Yeremia Lalisang aP. Oktavianawati aKekerasan dan Terorisme a20230224151901 aJakartabNobel Edumediac2011 aIndonesia a363.3 avi, 103 hlm. :cilus. atext